[Event "Politiken Cup"]
[Site "Helsingor DEN"]
[Date "2009.07.18"]
[Round "1"]
[White "Malakhov,V"]
[Black "Madland,K"]
[Result "1-0"]
[WhiteElo "2707"]
[BlackElo "2017"]
[EventDate "2009.07.18"]

1. c4 c6 2. Nf3 Nf6 3. d4 d5 4. e3 e6 5. b3 Nbd7 6. Bd3 Bd6 7. Bb2 b6 8.
O-O Bb7 9. Nbd2 O-O 10. Ne5 c5 11. f4 cxd4 12. exd4 Ne4 13. Qe2 f5 14. Rac1
Rc8 15. cxd5 Rxc1 16. Rxc1 exd5 17. Nf1 Nb8 18. Ne3 Qe7 19. g4 fxg4 20.
Qxg4 Qf6 21. Rf1 Bc8 22. Qg2 Qh4 23. Nxd5 Nf6 24. Nxf6+ Qxf6 25. Qe4 Bf5
26. Qd5+ Qe6 27. Bc4 Qxd5 28. Bxd5+ Kh8 29. Nf7+ 1-0

[Event "Politiken Cup"]
[Site "Helsingor DEN"]
[Date "2009.07.18"]
[Round "1"]
[White "Sondergaard,T"]
[Black "Nielsen,PH"]
[Result "0-1"]
[WhiteElo "2017"]
[BlackElo "2680"]
[EventDate "2009.07.18"]

1. e4 e6 2. d4 d5 3. e5 c5 4. dxc5 Nc6 5. f4 Bxc5 6. Qg4 g6 7. a3 Qb6 8.
Nh3 f6 9. Bd3 Qc7 10. exf6 Nxf6 11. Qd1 O-O 12. Nc3 e5 13. fxe5 Qxe5+ 14.
Ne2 Bxh3 15. gxh3 Ne4 16. Bf4 Bf2+ 17. Kf1 Be3 0-1

[Event "Politiken Cup"]
[Site "Helsingor DEN"]
[Date "2009.07.18"]
[Round "1"]
[White "Tiviakov,S"]
[Black "Boje,T"]
[Result "1-0"]
[WhiteElo "2674"]
[BlackElo "2008"]
[EventDate "2009.07.18"]

1. e4 e5 2. Nf3 Nc6 3. Bc4 Nf6 4. d3 Be7 5. O-O d6 6. c3 O-O 7. Bb3 Re8 8.
h3 Bf8 9. Ng5 Re7 10. f4 h6 11. Nf3 exf4 12. Bxf4 Be6 13. Bc2 d5 14. e5 Nh5
15. Bh2 g6 16. d4 Ng7 17. Qd2 Kh7 18. Qf2 Bf5 19. Ba4 Rb8 20. Nh4 Be4 21.
Nd2 Bd3 22. Rfe1 b5 23. Bb3 Na5 24. Qf3 Nxb3 25. axb3 Bc2 26. Rec1 Bf5 27.
Rxa7 c6 28. Rxe7 Bxe7 29. Nxf5 Nxf5 30. g4 Bg5 31. gxf5 Bxd2 32. fxg6+ fxg6
33. Qf7+ Kh8 34. e6 Qg5+ 35. Kh1 1-0

[Event "Politiken Cup"]
[Site "Helsingor DEN"]
[Date "2009.07.18"]
[Round "1"]
[White "Nielsen,Mor"]
[Black "Sargissian,G"]
[Result "0-1"]
[WhiteElo "2006"]
[BlackElo "2667"]
[EventDate "2009.07.18"]

1. e4 e5 2. Bc4 Nf6 3. Nf3 Nxe4 4. Nc3 Nd6 5. Bb3 e4 6. Qe2 Be7 7. Nxe4
Nxe4 8. Qxe4 c6 9. d4 d5 10. Qd3 O-O 11. Bf4 Nd7 12. O-O-O Nf6 13. Ng5 g6
14. h4 Bf5 15. Qd2 a5 16. c3 b5 17. f3 b4 18. Qf2 bxc3 19. bxc3 a4 20. Bc2
Qa5 21. Bxf5 Qxc3+ 0-1

[Event "Politiken Cup"]
[Site "Helsingor DEN"]
[Date "2009.07.18"]
[Round "1"]
[White "Sorensen,D"]
[Black "Postny,E"]
[Result "0-1"]
[WhiteElo "2005"]
[BlackElo "2647"]
[EventDate "2009.07.18"]

1. d4 Nf6 2. Nf3 c5 3. e3 g6 4. Be2 Bg7 5. O-O O-O 6. b3 d5 7. Bb2 cxd4 8.
exd4 Nc6 9. Nbd2 Bf5 10. c4 Nb4 11. Ne5 dxc4 12. Ndxc4 Nbd5 13. Bf3 Rc8 14.
a4 a6 15. a5 Qe8 16. g4 Be6 17. g5 Nd7 18. Bg4 Nxe5 19. dxe5 Qb5 20. Bxe6
fxe6 21. Qg4 Nf4 22. Nb6 Rc2 23. Bd4 Ne2+ 24. Kh1 Qc6+ 25. f3 Rf4 0-1

[Event "Politiken Cup"]
[Site "Helsingor DEN"]
[Date "2009.07.18"]
[Round "1"]
[White "Avrukh,B"]
[Black "Hansen,Ras"]
[Result "1-0"]
[WhiteElo "2641"]
[BlackElo "2001"]
[EventDate "2009.07.18"]

1. d4 Nf6 2. c4 c5 3. d5 e6 4. Nc3 exd5 5. cxd5 d6 6. e4 g6 7. Bd3 Bg7 8.
h3 O-O 9. Nf3 Re8 10. O-O a6 11. a4 Nbd7 12. Re1 Nh5 13. Bg5 Qc7 14. Bf1
Ne5 15. Nd2 h6 16. Be3 Qe7 17. f4 Nd7 18. Qf3 Qh4 19. Nc4 Bf8 20. g4 Ng7
21. Bf2 Qf6 22. Bg2 Rb8 23. a5 b5 24. axb6 Nxb6 25. e5 dxe5 26. Nxe5 g5 27.
Ne4 Qxf4 28. Qxf4 1-0

[Event "Politiken Cup"]
[Site "Helsingor DEN"]
[Date "2009.07.18"]
[Round "1"]
[White "Svanholm,B"]
[Black "Kuzubov,Y"]
[Result "0-1"]
[WhiteElo "2001"]
[BlackElo "2635"]
[EventDate "2009.07.18"]

1. c4 e5 2. Nc3 Nf6 3. Nf3 Nc6 4. e3 Bb4 5. Qc2 O-O 6. Nd5 d6 7. a3 Ba5 8.
b4 Bb6 9. Bb2 Nxd5 10. cxd5 Ne7 11. Bc4 Bf5 12. d3 Bg4 13. h3 Bxf3 14. gxf3
Ng6 15. O-O-O c6 16. Kb1 Rc8 17. Qe2 Qd7 18. h4 a5 19. h5 Ne7 20. dxc6 bxc6
21. d4 exd4 22. Bxd4 Bxd4 23. Rxd4 axb4 24. axb4 Rb8 25. Qd2 c5 26. Rg4
Rxb4+ 27. Kc2 Qa4+ 28. Kd3 d5 29. Rxg7+ Kxg7 30. h6+ Kh8 31. Qc3+ f6 32.
Ra1 dxc4+ 33. Ke2 Qb3 0-1

[Event "Politiken Cup"]
[Site "Helsingor DEN"]
[Date "2009.07.18"]
[Round "1"]
[White "Berg,E"]
[Black "Sorensen,S"]
[Result "1-0"]
[WhiteElo "2610"]
[BlackElo "2000"]
[EventDate "2009.07.18"]

1. e4 c5 2. Nf3 d6 3. d4 cxd4 4. Nxd4 Nf6 5. Nc3 a6 6. Bg5 e6 7. f4 Be7 8.
Qf3 Qc7 9. O-O-O Nbd7 10. Bd3 b5 11. Rhe1 Bb7 12. Qg3 Nb6 13. e5 Nfd5 14.
Bxe7 Qxe7 15. Nf5 Qd7 16. Nxd6+ 1-0

[Event "Politiken Cup"]
[Site "Helsingor DEN"]
[Date "2009.07.18"]
[Round "1"]
[White "Skjoldager,F"]
[Black "Hillarp Persson,T"]
[Result "0-1"]
[WhiteElo "1997"]
[BlackElo "2596"]
[EventDate "2009.07.18"]

1. Nf3 g6 2. c4 Bg7 3. Nc3 d6 4. g3 e5 5. d3 f5 6. Bg2 Nc6 7. O-O Nf6 8.
Rb1 O-O 9. b4 h6 10. e3 a6 11. Nd2 g5 12. Nd5 Nxd5 13. Bxd5+ Kh8 14. Bg2 g4
15. f4 h5 16. h4 Re8 17. b5 axb5 18. cxb5 Ne7 19. Qb3 Kh7 20. Bb2 Ng6 21.
Rbe1 Re7 22. d4 exf4 23. exf4 Qe8 24. Rxe7 Qxe7 25. Bd5 Bd7 26. a4 Rxa4 27.
Qxa4 Qe3+ 28. Rf2 Nxf4 29. Bg2 Ne2+ 30. Kf1 Nxg3+ 31. Kg1 Ne2+ 32. Kf1 Nxd4
33. Nc4 Bxb5 34. Qxb5 Qd3+ 35. Kg1 Nxb5 36. Bxg7 Kxg7 0-1

[Event "Politiken Cup"]
[Site "Helsingor DEN"]
[Date "2009.07.18"]
[Round "1"]
[White "Agrest,E"]
[Black "Munk,Po"]
[Result "1-0"]
[WhiteElo "2590"]
[BlackElo "1996"]
[EventDate "2009.07.18"]

1. Nf3 d5 2. d4 e6 3. c4 c6 4. Qc2 f5 5. Bf4 Nf6 6. e3 Be7 7. Nc3 O-O 8.
Bd3 Ne4 9. g4 Na6 10. a3 Nxc3 11. bxc3 Nc7 12. Rg1 Kh8 13. Be5 Bf6 14. Rg3
dxc4 15. Bxc4 Nd5 16. Ke2 Bd7 17. Rag1 g6 18. Rh3 Bxe5 19. Nxe5 Be8 20.
gxf5 gxf5 21. Kd2 Qf6 22. Qb1 Rc8 23. Bxd5 1-0

[Event "Politiken Cup"]
[Site "Helsingor DEN"]
[Date "2009.07.18"]
[Round "1"]
[White "Svendsen,Pet"]
[Black "Negi,P"]
[Result "0-1"]
[WhiteElo "1993"]
[BlackElo "2590"]
[EventDate "2009.07.18"]

1. d4 Nf6 2. c4 g6 3. Nc3 d5 4. Nf3 Bg7 5. Bf4 O-O 6. e3 c5 7. h3 Nc6 8.
Bd3 cxd4 9. exd4 dxc4 10. Bxc4 b6 11. O-O Bb7 12. Re1 Rc8 13. Bf1 Nd5 14.
Bg3 Ncb4 15. a3 Nxc3 16. bxc3 Bxf3 17. Qxf3 Nc2 18. Ba6 Nxa1 19. Bxc8 Nc2
20. Rc1 Qxc8 21. Rxc2 Bxd4 22. Bh4 Bc5 23. a4 Qd7 24. Qe2 Qxa4 0-1

[Event "Politiken Cup"]
[Site "Helsingor DEN"]
[Date "2009.07.18"]
[Round "1"]
[White "Hammer,J"]
[Black "Borup,M"]
[Result "1-0"]
[WhiteElo "2583"]
[BlackElo "1992"]
[EventDate "2009.07.18"]

1. e4 e6 2. d4 d5 3. Nc3 dxe4 4. Nxe4 Nd7 5. Bd3 Ngf6 6. Qe2 Be7 7. Nf3 O-O
8. O-O b6 9. Nxf6+ Nxf6 10. Rd1 Bb7 11. c4 Re8 12. Ne5 Qd6 13. Bf4 c5 14.
Ng6 Qd8 15. Nxe7+ Qxe7 16. dxc5 Qxc5 17. Be5 Qc6 18. f3 Qc5+ 19. Kh1 Qe7
20. Rd2 Red8 21. Rad1 Rac8 22. Qe1 Nd7 23. Bd6 Qg5 24. h4 Qf6 25. Qg3 Kh8
26. b3 Nc5 27. Be5 Qh6 28. Bc2 Rxd2 29. Rxd2 f6 30. Bf4 g5 31. Be3 Rg8 32.
b4 Na6 33. Rd7 Rg7 34. Rd8+ Rg8 35. Rxg8+ Kxg8 36. b5 Nb4 37. Qb8+ Kg7 38.
Qxb7+ Kh8 39. Qb8+ Kg7 40. Qc7+ Kh8 41. Qd8+ Kg7 42. Qe7+ Kh8 43. Qxb4 1-0

[Event "Politiken Cup"]
[Site "Helsingor DEN"]
[Date "2009.07.18"]
[Round "1"]
[White "Pedersen,TR"]
[Black "Hector,J"]
[Result "0-1"]
[WhiteElo "1987"]
[BlackElo "2556"]
[EventDate "2009.07.18"]

1. e4 e5 2. Nf3 Nc6 3. Bb5 a6 4. Bxc6 dxc6 5. O-O Bg4 6. h3 Bh5 7. d3 f6 8.
Be3 Bd6 9. Nbd2 c5 10. c3 Ne7 11. Qb3 Nc6 12. d4 Bf7 13. d5 O-O 14. Nc4 b5
15. Nxd6 cxd6 16. Qc2 Ne7 17. Rad1 Qd7 18. Nh4 g5 19. Nf5 Nxf5 20. exf5 e4
21. Qxe4 Rae8 22. Qg4 Re5 23. Bxg5 h5 24. Qg3 fxg5 25. Qxg5+ Kh7 26. g4 Rg8
27. Qh4 Qxf5 0-1

[Event "Politiken Cup"]
[Site "Helsingor DEN"]
[Date "2009.07.18"]
[Round "1"]
[White "Hansen,SuB"]
[Black "Hansen,ReR"]
[Result "1-0"]
[WhiteElo "2554"]
[BlackElo "1991"]
[EventDate "2009.07.18"]

1. e4 e5 2. Nf3 Nc6 3. Bc4 Nf6 4. d3 Be7 5. Bb3 O-O 6. O-O d5 7. exd5 Nxd5
8. h3 Kh8 9. Re1 f6 10. c3 Bc5 11. d4 exd4 12. cxd4 Bb4 13. Bd2 Bxd2 14.
Qxd2 Nce7 15. Nc3 c6 16. Re2 Bf5 17. Nh4 Qd7 18. Rae1 Ng8 19. Bxd5 cxd5 20.
Nxf5 Qxf5 21. Re6 Rad8 22. Nb5 Qg6 23. Nd6 Rd7 24. Qa5 Qc2 25. Qxd5 Qxb2
26. Qc4 Qd2 27. R1e2 Qf4 28. g3 Qf3 29. Re8 Rxd6 30. Rxf8 1-0

[Event "Politiken Cup"]
[Site "Helsingor DEN"]
[Date "2009.07.18"]
[Round "1"]
[White "Jensen,I"]
[Black "Rasmussen,A"]
[Result "0-1"]
[WhiteElo "1986"]
[BlackElo "2536"]
[EventDate "2009.07.18"]

1. d4 Nf6 2. Nf3 d5 3. Bf4 e6 4. e3 c5 5. c3 Nc6 6. Nbd2 Be7 7. Bd3 Nh5 8.
Bg3 g6 9. Ne5 Nxg3 10. hxg3 Nxe5 11. dxe5 Qc7 12. f4 c4 13. Bc2 Qb6 14.
Ba4+ Kf8 15. Nf3 Qxb2 16. O-O Qxc3 17. Qe2 Bc5 18. Rfe1 b5 19. Bxb5 Rb8 20.
a4 a6 21. Rac1 Qa5 22. Bxc4 dxc4 23. Qxc4 Bb6 24. Qc6 Qd5 25. Qd6+ Qxd6 26.
exd6 Bd7 27. Rc4 Kg7 28. Ne5 Rb7 29. Kh2 f6 30. Nxd7 Rxd7 31. Rc6 Ba5 32.
Rd1 Ra8 33. e4 e5 34. Rd5 Bb4 35. fxe5 fxe5 36. Rxe5 Rxd6 37. Re7+ Kf6 38.
Rcc7 Re6 39. Rf7+ Kg5 40. Rc4 Re7 41. Rf3 a5 42. Kh3 Rd8 43. Rf4 h5 44. Rc6
Rd6 45. Rc2 Rd1 46. Kh2 Bd6 47. Rh4 Bxg3+ 0-1

[Event "Politiken Cup"]
[Site "Helsingor DEN"]
[Date "2009.07.18"]
[Round "1"]
[White "Sebag,M"]
[Black "Kristinsson,Bj"]
[Result "1-0"]
[WhiteElo "2531"]
[BlackElo "1985"]
[EventDate "2009.07.18"]

1. e4 c5 2. c3 d5 3. exd5 Qxd5 4. d4 Nf6 5. Nf3 Bg4 6. Be2 e6 7. O-O Be7 8.
h3 Bh5 9. Be3 cxd4 10. cxd4 O-O 11. Nc3 Qd8 12. Qb3 b6 13. Rfd1 Nc6 14. d5
Na5 15. Qb5 Qc7 16. Rac1 Qb7 17. g4 Bg6 18. d6 Bd8 19. Qa6 Ne4 20. b4 Nxc3
21. Rxc3 Be4 22. Bd2 Qxa6 23. Bxa6 Bb7 24. Bb5 a6 25. Bd7 Nc6 26. Bxc6 Rc8
27. Rdc1 1-0

[Event "Politiken Cup"]
[Site "Helsingor DEN"]
[Date "2009.07.18"]
[Round "1"]
[White "Christensen,R"]
[Black "Schandorff,L"]
[Result "0-1"]
[WhiteElo "1974"]
[BlackElo "2510"]
[EventDate "2009.07.18"]

1. e4 c6 2. Nf3 d5 3. exd5 cxd5 4. d4 Nc6 5. c4 Nf6 6. c5 Bg4 7. Be2 g6 8.
O-O Bg7 9. a3 O-O 10. b4 Bxf3 11. Bxf3 Nxd4 12. Bb2 Nxf3+ 13. Qxf3 Ne4 14.
Bxg7 Kxg7 15. Rd1 e6 16. Nc3 Nf6 17. Rac1 Qd7 18. Ne4 Ne8 19. Qg3 Rc8 20.
h4 Qe7 21. Nd6 Nxd6 22. cxd6 Qd7 23. Rc7 Rxc7 24. dxc7 Rc8 25. Rc1 d4 26.
h5 f6 27. Qh3 d3 28. h6+ Kf7 29. Rd1 Rxc7 30. Qxd3 Qxd3 31. Rxd3 g5 0-1

[Event "Politiken Cup"]
[Site "Helsingor DEN"]
[Date "2009.07.18"]
[Round "1"]
[White "Tazbir,M"]
[Black "Greeuw,S"]
[Result "1-0"]
[WhiteElo "2500"]
[BlackElo "1968"]
[EventDate "2009.07.18"]

1. c4 e5 2. g3 Nf6 3. Bg2 d5 4. cxd5 Nxd5 5. Nc3 Nb6 6. Nf3 Nc6 7. O-O Be7
8. a3 Be6 9. b4 a5 10. b5 Nd4 11. Rb1 a4 12. Nxe5 f6 13. Nf3 Bb3 14. Rxb3
Nxb3 15. Nxa4 Nxa4 16. Qxb3 Nc5 17. Qa2 Qd7 18. d4 Na4 19. Qb3 Ra5 20. Bd2
Qxb5 21. Qe3 Ra6 22. Bb4 c5 23. dxc5 Kf7 24. Nd4 Qd7 25. c6 bxc6 26. Bh3
Qc7 27. Qe6+ 1-0

[Event "Politiken Cup"]
[Site "Helsingor DEN"]
[Date "2009.07.18"]
[Round "1"]
[White "Helin,M"]
[Black "Brynell,S"]
[Result "0-1"]
[WhiteElo "1973"]
[BlackElo "2471"]
[EventDate "2009.07.18"]

1. e4 e6 2. Nf3 d5 3. e5 c5 4. b4 c4 5. c3 a5 6. b5 Nd7 7. d3 cxd3 8. Bxd3
f6 9. Bf4 fxe5 10. Ng5 Qf6 11. Be3 e4 12. Bc2 Nh6 13. Nh3 Nf5 14. Bg5 Qf7
15. c4 Bb4+ 16. Nd2 h6 17. Bf4 e5 18. cxd5 exf4 19. Nxf4 Nc5 20. O-O O-O
21. Nc4 Nh4 22. Ne6 Nxe6 23. Nb6 Qg6 24. g3 Nf3+ 25. Kh1 Qh5 26. h4 Qg4 0-1

[Event "Politiken Cup"]
[Site "Helsingor DEN"]
[Date "2009.07.18"]
[Round "1"]
[White "Cmilyte,V"]
[Black "Noer,M"]
[Result "1-0"]
[WhiteElo "2470"]
[BlackElo "1981"]
[EventDate "2009.07.18"]

1. d4 d5 2. c4 c6 3. Nf3 Nf6 4. Nc3 dxc4 5. a4 Bf5 6. Ne5 Nbd7 7. Nxc4 Qc7
8. g3 e5 9. dxe5 Nxe5 10. Bf4 Nfd7 11. Bg2 f6 12. O-O Be6 13. Nxe5 Nxe5 14.
Qc2 Qa5 15. Rfc1 Be7 16. Ne4 O-O 17. Nc5 Qxc5 18. Qxc5 Bxc5 19. Rxc5 Ng6
20. Be3 Rfd8 21. a5 a6 22. Rc2 Rd7 23. Bb6 Ne5 24. Rac1 Re8 25. f4 Nc4 26.
Rxc4 Bxc4 27. Rxc4 Rxe2 28. Rd4 Rde7 29. Bf1 Re1 30. Kf2 g6 31. Bd8 R7e4
32. Bc4+ Kg7 33. Rd6 Re8 34. Bxf6+ Kf8 35. b3 1-0

[Event "Politiken Cup"]
[Site "Helsingor DEN"]
[Date "2009.07.18"]
[Round "1"]
[White "Sethuraman,S"]
[Black "Johansen,J"]
[Result "1-0"]
[WhiteElo "2455"]
[BlackElo "1968"]
[EventDate "2009.07.18"]

1. e4 c5 2. Nf3 Nc6 3. d4 cxd4 4. Nxd4 Nf6 5. Nc3 d6 6. Bg5 a6 7. Qd2 e5 8.
Nf5 Bxf5 9. exf5 Be7 10. O-O-O Qa5 11. Bc4 O-O 12. Bxf6 Bxf6 13. Ne4 Qxd2+
14. Rxd2 Be7 15. c3 Rac8 16. Kb1 b5 17. Bb3 Rfd8 18. Rhd1 Rc7 19. Nxd6 Bg5
20. Nxf7 Rxf7 21. Rd7 Be7 22. Rxd8+ Nxd8 23. Rd7 Kf8 24. Bxf7 Kxf7 25. Ra7
Kf6 26. Rxa6+ Kxf5 27. Rb6 Bc5 28. Rxb5 Bxf2 29. a4 Nc6 30. a5 Kf4 31. Kc2
e4 32. a6 Ke3 33. Rb6 Na7 34. Re6 Kf4 35. Re7 Bc5 36. Rxg7 Ke3 37. b4 Bb6
38. Rb7 Nc8 39. Rb8 1-0

[Event "Politiken Cup"]
[Site "Helsingor DEN"]
[Date "2009.07.18"]
[Round "1"]
[White "Fries Nielsen,JO"]
[Black "Jorgensen,A"]
[Result "1-0"]
[WhiteElo "2439"]
[BlackElo "1965"]
[EventDate "2009.07.18"]

1. Nf3 Nf6 2. b4 c6 3. c4 e6 4. a3 d5 5. e3 Be7 6. Bb2 O-O 7. Qc2 a5 8. b5
Nbd7 9. Be2 c5 10. d3 b6 11. Nbd2 Bb7 12. O-O Qc7 13. cxd5 exd5 14. Rac1
Rac8 15. d4 Bd6 16. dxc5 Bxc5 17. Nd4 Qd6 18. Nf5 Qe6 19. Qb1 Rfe8 20. Nf3
h6 21. Bd3 d4 22. N5xd4 Bxd4 23. Rxc8 Rxc8 24. Nxd4 Qd5 25. f3 Nc5 26. e4
Qg5 27. Nf5 Rd8 28. Bc1 Qh5 29. Bc2 Ne6 30. Be3 Nc5 31. Rd1 Rf8 32. Qb2
Ncxe4 33. Bxe4 Bxe4 34. Ng3 Qg6 35. Nxe4 Nxe4 36. fxe4 Re8 37. e5 Qg4 38.
Qc2 Rc8 39. Qd3 Qe6 40. Qd7 Qc4 41. Rc1 1-0

[Event "Politiken Cup"]
[Site "Helsingor DEN"]
[Date "2009.07.18"]
[Round "1"]
[White "Vaarala,E"]
[Black "Antonsen,M"]
[Result "0-1"]
[WhiteElo "1964"]
[BlackElo "2438"]
[EventDate "2009.07.18"]

1. d4 Nf6 2. c4 g6 3. Nc3 d5 4. cxd5 Nxd5 5. e4 Nxc3 6. bxc3 Bg7 7. Nf3 c5
8. Rb1 O-O 9. Be2 cxd4 10. cxd4 Qa5+ 11. Bd2 Qxa2 12. O-O Bg4 13. Bg5 h6
14. Be3 Nc6 15. d5 Bxf3 16. gxf3 Nd4 17. Bxd4 Bxd4 18. Qxd4 Qxe2 19. Kg2
Qa6 20. Rb3 b6 21. f4 Qe2 22. f5 Rac8 23. Qe5 Qc4 24. Rg3 Qc7 25. Qd4 Kh7
26. Rd1 Rg8 27. f6 Rge8 28. Rf3 e5 29. dxe6 Rxe6 30. Rdd3 Qe5 31. Qxe5 Rxe5
32. Rd7 Kg8 33. Rxa7 Rxe4 34. Rb7 Re6 35. Re7 Rcc6 36. Rxe6 Rxe6 37. Kg3
Kh7 38. h4 h5 39. Rf4 Kg8 40. Rf3 Kf8 41. Rb3 Rxf6 42. f4 Ke7 43. Kf3 Re6
44. Rb5 Kd7 45. Rd5+ Kc6 46. Rd8 b5 47. Rc8+ Kb6 48. Rb8+ Kc5 49. Rc8+ Kd4
50. Rb8 Kc4 51. Rc8+ Kb3 0-1

[Event "Politiken Cup"]
[Site "Helsingor DEN"]
[Date "2009.07.18"]
[Round "1"]
[White "Larsen,Andr"]
[Black "Pedersen,Stef"]
[Result "1/2-1/2"]
[WhiteElo "1968"]
[BlackElo "2435"]
[EventDate "2009.07.18"]

1. e4 c6 2. d4 d5 3. e5 Bf5 4. Nc3 e6 5. g4 Bg6 6. Nge2 c5 7. h4 h5 8. Nf4
Bh7 9. Nxh5 cxd4 10. Qxd4 Nc6 11. Bb5 Nge7 12. Bg5 a6 13. Bxc6+ Nxc6 14.
Qf4 Qc7 15. O-O-O Rc8 16. Bf6 Nb4 17. Nxg7+ 1/2-1/2

[Event "Politiken Cup"]
[Site "Helsingor DEN"]
[Date "2009.07.18"]
[Round "1"]
[White "Kristiansen,Jen"]
[Black "Andersen,Dani"]
[Result "1-0"]
[WhiteElo "2435"]
[BlackElo "1963"]
[EventDate "2009.07.18"]

1. e4 e6 2. d3 d5 3. Nd2 Nf6 4. Ngf3 b6 5. c3 Be7 6. Qa4+ Qd7 7. Qc2 O-O 8.
e5 Ne8 9. g3 c5 10. Bg2 Nc6 11. O-O Qc7 12. Re1 f6 13. exf6 Nxf6 14. Nf1 e5
15. Ne3 Bb7 16. Ng5 Rad8 17. Ne6 1-0

[Event "Politiken Cup"]
[Site "Helsingor DEN"]
[Date "2009.07.18"]
[Round "1"]
[White "Henrichsen,J"]
[Black "Berg,K"]
[Result "0-1"]
[WhiteElo "1963"]
[BlackElo "2432"]
[EventDate "2009.07.18"]

1. d4 Nf6 2. c4 c5 3. d5 b5 4. cxb5 a6 5. f3 axb5 6. e4 Qa5+ 7. Bd2 b4 8.
Na3 d6 9. Nc4 Qd8 10. a3 e6 11. dxe6 Bxe6 12. axb4 Rxa1 13. Qxa1 d5 14.
exd5 Nxd5 15. Qa4+ Nd7 16. b5 Nb4 17. Bxb4 cxb4 18. b6 Bc5 19. Bd3 O-O 20.
Qc2 b3 21. Qd1 Qh4+ 22. g3 Qd4 23. Qe2 Bb4+ 24. Kf1 Nc5 25. Ne5 Nxd3 0-1

[Event "Politiken Cup"]
[Site "Helsingor DEN"]
[Date "2009.07.18"]
[Round "1"]
[White "Tandrup,M"]
[Black "Semcesen,D"]
[Result "0-1"]
[WhiteElo "1948"]
[BlackElo "2418"]
[EventDate "2009.07.18"]

1. d4 e6 2. Nf3 f5 3. d5 Bd6 4. Bg5 Nf6 5. dxe6 dxe6 6. Nbd2 h6 7. Bxf6
Qxf6 8. c3 O-O 9. e3 Nc6 10. Bc4 Kh8 11. Qc2 e5 12. h4 Rb8 13. a4 Bd7 14.
e4 f4 15. h5 a6 16. Nh4 Ne7 17. Bb3 Bg4 18. Nhf3 b5 19. a5 Rbd8 20. Kf1 c6
21. Rh4 Bc8 22. c4 Bb4 23. Rh1 Bg4 24. Nb1 Rd7 25. Nc3 Rfd8 26. cxb5 axb5
27. a6 Ra7 28. Na2 Rxa6 29. Rd1 Rxd1+ 30. Qxd1 Bd6 31. Nc3 Ra8 32. Ke2 b4
33. Na4 Nf5 34. exf5 e4 35. Qd2 Re8 36. Kf1 exf3 37. Nb6 fxg2+ 38. Kxg2 f3+
0-1

[Event "Politiken Cup"]
[Site "Helsingor DEN"]
[Date "2009.07.18"]
[Round "1"]
[White "Lund,E"]
[Black "Hansen,I"]
[Result "1-0"]
[WhiteElo "2412"]
[BlackElo "1943"]
[EventDate "2009.07.18"]

1. d4 Nf6 2. c4 e6 3. Nc3 b6 4. e4 Bb7 5. Bd3 d6 6. Qe2 Be7 7. f4 Nbd7 8.
e5 Ng8 9. Nf3 Bh4+ 10. g3 Be7 11. O-O c6 12. f5 Nf8 13. exd6 Bxd6 14. fxe6
f6 15. Bd2 Ne7 16. Rae1 Nfg6 17. Ne4 O-O 18. Bc3 Bc7 19. Rf2 Qe8 20. Ned2
a6 21. b3 Ra7 22. Nf1 b5 23. h4 Nc8 24. h5 Nge7 25. Nh4 c5 26. d5 Nd6 27.
Qg4 Kh8 28. Ng6+ Nxg6 29. hxg6 Qe7 30. gxh7 bxc4 31. bxc4 a5 32. Ne3 a4 33.
Ng2 g5 34. Qxg5 1-0

[Event "Politiken Cup"]
[Site "Helsingor DEN"]
[Date "2009.07.18"]
[Round "1"]
[White "Mikkelsen,N"]
[Black "Justinussen,S"]
[Result "1/2-1/2"]
[WhiteElo "2399"]
[BlackElo "1942"]
[EventDate "2009.07.18"]

1. e4 c5 2. Nf3 d6 3. c3 Nf6 4. Bd3 Nc6 5. Bc2 Bg4 6. d3 e6 7. Nbd2 Be7 8.
Nf1 d5 9. Qe2 O-O 10. Ng3 Rc8 11. h3 Bxf3 12. Qxf3 Ne5 13. Qe2 d4 14. f4
Nc6 15. O-O b5 16. a4 a6 17. Bd2 c4 18. axb5 axb5 19. dxc4 Qb6 20. Kh1 bxc4
21. Qxc4 Qxb2 22. Ra2 Qb6 23. Qe2 dxc3 24. Bxc3 Qc5 25. Rf3 Rfd8 26. Ra4
Nd4 27. Bxd4 Rxd4 28. e5 Nd5 29. Ne4 Rxe4 30. Bxe4 Nc3 31. Rxc3 Qxc3 32.
Kh2 Qc1 33. Bb7 Rd8 34. Rc4 Qa3 35. Be4 g6 36. Rc7 Bc5 37. Bf3 Qc1 38. Qf2
Bxf2 39. Rxc1 Be3 40. Ra1 Bxf4+ 41. Kg1 Bxe5 42. Ra8 Rxa8 43. Bxa8 Bd4+ 44.
Kf1 f5 45. Ke2 Kf7 46. Kf3 Kf6 47. g4 e5 48. gxf5 gxf5 49. Bd5 Kg5 50. Kg3
e4 51. h4+ Kf6 52. Kf4 Be5+ 53. Ke3 Bg3 54. Bxe4 f4+ 55. Kf3 h5 56. Bc6
Bxh4 57. Kxf4 Bg5+ 1/2-1/2

[Event "Politiken Cup"]
[Site "Helsingor DEN"]
[Date "2009.07.18"]
[Round "1"]
[White "Lyngsjo,H"]
[Black "Skytte,R"]
[Result "0-1"]
[WhiteElo "1943"]
[BlackElo "2396"]
[EventDate "2009.07.18"]

1. e4 c5 2. Nf3 Nc6 3. d4 cxd4 4. Nxd4 Qc7 5. Be3 e6 6. Be2 a6 7. O-O Nf6
8. Nc3 Bb4 9. Nxc6 bxc6 10. Bf3 O-O 11. Na4 d5 12. c3 Bd6 13. g3 Nxe4 14.
Bxe4 dxe4 15. Bc5 Rd8 16. Bb6 Qe7 17. Bxd8 Qxd8 18. Nc5 f5 19. Qd4 Qe7 20.
b4 e5 21. Qc4+ Qf7 22. Qxf7+ Kxf7 23. Rfd1 Ke7 24. Rd2 Rb8 25. Nb3 Bc7 26.
Rad1 Bb6 27. Rd6 e3 28. fxe3 Bxe3+ 29. Kf1 f4 30. gxf4 exf4 31. Rxc6 Bh3+
32. Ke2 Bg4+ 33. Ke1 Bxd1 34. Kxd1 f3 35. Nd4 Bxd4 36. cxd4 Rxb4 37. Rxa6
Rb1+ 0-1

[Event "Politiken Cup"]
[Site "Helsingor DEN"]
[Date "2009.07.18"]
[Round "1"]
[White "Botheim,T"]
[Black "Bulski,K"]
[Result "0-1"]
[WhiteElo "1939"]
[BlackElo "2392"]
[EventDate "2009.07.18"]

1. e4 c5 2. Nf3 d6 3. d4 cxd4 4. Nxd4 Nf6 5. Nc3 a6 6. Bg5 e6 7. f4 h6 8.
Bxf6 Qxf6 9. Qd2 Bd7 10. Be2 Nc6 11. O-O-O Nxd4 12. Qxd4 Qxf4+ 13. Kb1 Qg5
14. Rhf1 Be7 15. h4 Qe5 16. Qxe5 dxe5 17. g3 Bb4 18. Rd3 Bc6 19. a3 Bxc3
20. Rxc3 Bxe4 21. Re3 Bg6 22. Rxe5 Rc8 23. Bd3 Bxd3 24. cxd3 Ke7 25. Re3
Rhd8 26. Rc1 Rxc1+ 27. Kxc1 Rd4 28. Rf3 f5 29. Kd2 Kd6 30. Ke3 Rg4 31. Kf2
Kd5 32. Ke3 g6 33. b3 e5 34. Ke2 h5 35. Ke3 Rxg3 36. Rxg3 f4+ 0-1

[Event "Politiken Cup"]
[Site "Helsingor DEN"]
[Date "2009.07.18"]
[Round "1"]
[White "Thorfinnsson,Br"]
[Black "Wihlborn,B"]
[Result "1-0"]
[WhiteElo "2377"]
[BlackElo "1939"]
[EventDate "2009.07.18"]

1. e4 c5 2. Nf3 e6 3. d4 cxd4 4. Nxd4 a6 5. Nc3 Qc7 6. Bd3 Nf6 7. Qe2 d6 8.
O-O Be7 9. Kh1 O-O 10. f4 Re8 11. e5 Nfd7 12. f5 Nxe5 13. fxe6 Bf6 14. Nd5
Qd8 15. Qh5 g6 16. exf7+ Nxf7 17. Bxg6 hxg6 18. Qxg6+ Bg7 19. Bh6 Nxh6 20.
Nf6+ Kh8 21. Qh7+ 1-0

[Event "Politiken Cup"]
[Site "Helsingor DEN"]
[Date "2009.07.18"]
[Round "1"]
[White "Nielsen,Aa"]
[Black "Rantanen,Y"]
[Result "0-1"]
[WhiteElo "1932"]
[BlackElo "2376"]
[EventDate "2009.07.18"]

1. f4 e5 2. fxe5 d6 3. exd6 Bxd6 4. Nf3 Nf6 5. d4 O-O 6. Qd3 c5 7. c3 cxd4
8. Bg5 Nc6 9. a3 Re8 10. cxd4 h6 11. Bxf6 Qxf6 12. e4 Bf5 13. Nc3 Qg6 14.
O-O-O Rxe4 15. g4 Rxg4 16. Qe2 Bf4+ 17. Rd2 Qd6 18. d5 Na5 19. Bh3 Rc8 20.
Bxg4 Rxc3+ 21. Kd1 Bxg4 22. bxc3 Bxd2 23. Rg1 Bxf3 24. Qxf3 Bg5 25. Re1 g6
26. Rf1 Qd7 27. Qe4 Qb5 28. Ke1 Nc4 29. h4 Bd2+ 30. Kf2 Nd6 31. Qe7 Qxd5
32. Kg3 Bxc3 33. Qd8+ Kg7 0-1

[Event "Politiken Cup"]
[Site "Helsingor DEN"]
[Date "2009.07.18"]
[Round "1"]
[White "Bruehl,A"]
[Black "Nielsen,Pet"]
[Result "1-0"]
[WhiteElo "2360"]
[BlackElo "1926"]
[EventDate "2009.07.18"]

1. d4 Nf6 2. c4 e6 3. Nf3 Bb4+ 4. Bd2 Qe7 5. g3 Nc6 6. Bg2 O-O 7. O-O Bxd2
8. Qxd2 d6 9. Nc3 d5 10. cxd5 exd5 11. e3 Be6 12. a3 a5 13. Na4 Ne4 14. Qc2
Rfc8 15. Rac1 f6 16. Nd2 Nxd2 17. Qxd2 Nd8 18. Qc2 Qd6 19. Qb3 b6 20. Nc3
c6 21. Rfd1 b5 22. Ne2 b4 23. Nf4 Bf7 24. Nd3 bxa3 25. bxa3 a4 26. Qb4 Qxb4
27. Nxb4 f5 28. Rd3 Be6 29. Rdc3 Bd7 30. Nxc6 Bxc6 31. Bxd5+ Bxd5 32. Rxc8
Rxc8 33. Rxc8 1-0